000 01284cam a2200253 4500
001 ABS63173
008 000000n2000 000 0 eng u
035 _a(Sirsi) u109346
100 _aWebster, J
245 2 _aA digital chicken in every pot
260 _c2000
490 _aEstates Gazette
_v(0044) 4 November 2000, 136-137(2)
520 _aInvestigates Intel's vision of internet evolution in the home and office. Introduces the concept of the e-home and e-office where communication, information, business and entertainment are available at any time via internet connections. One tool Intel has developed to promote internet connectivity is the Intel Dot.Station web appliance, designed to integrate e-mail, the internet and telephone communication with other organisation applications. Other areas of Intel's involvement include the mobile communications market and the development of wireless internet capabilities. Concludes that internet developments will encourage more businesses to embrace teleworking.
590 _aABS
650 _aHOME
650 _aOFFICES
650 _aINTERNET
650 _aNETWORKS
650 _aTELEWORKING
650 _aMOBILE COMMUNICATIONS
650 _aINTEL
690 _aINFORMATION TECHNOLOGY-INTERNET
942 _n0
999 _c65270
_d65270